[Event "Medellin de La Raza U2000 op"]
[Site "Medellin"]
[Date "2023.10.16"]
[Round "8"]
[White "Giraldo, Marco"]
[Black "Vallejo, Humberto"]
[Result "0-1"]
[WhiteElo "1741"]
[BlackElo "1959"]
[PlyCount "50"]
[EventDate "2023.10.12"]
[EventType "swiss"]
[EventRounds "9"]
[EventCountry "COL"]
[SourceTitle "Mega2024 Update 01"]
[Source "Chessbase"]
[SourceDate "2023.11.12"]
[SourceVersion "1"]
[SourceVersionDate "2023.11.12"]
[SourceQuality "1"]

1. e4 Nf6 2. e5 Nd5 3. d4 c5 4. c4 Nb4 5. d5 d6 6. a3 N4a6 7. Nf3 Bg4 8. Qb3 Bxf3 9. Qxb7 Nc7 10. exd6 exd6 11. gxf3 Nd7 12. Qb3 Rb8 13. Qc3 Ne5 14. f4 Ng4 15. h3 Qe7+ 16. Be2 Nh6 17. Be3 Nf5 18. 0-0 Nxe3 19. fxe3 Qh4 20. Kh2 Be7 21. Ra2 Bf6 22. Qc2 0-0 23. Nd2 Rfe8 24. Rf3 Rxe3 25. Rxe3 Qf2+ 0-1

[Event "Sabaneta op-B 2nd"]
[Site "Sabaneta Antioquia"]
[Date "2023.07.02"]
[Round "6"]
[White "Uribe Valencia, Victor Alexis"]
[Black "Vallejo, Humberto"]
[Result "1-0"]
[WhiteElo "1856"]
[BlackElo "1988"]
[PlyCount "105"]
[EventDate "2023.06.28"]
[EventType "swiss"]
[EventRounds "9"]
[EventCountry "COL"]
[SourceTitle "EXT 2024"]
[Source "ChessBase"]
[SourceDate "2023.10.10"]
[SourceVersion "1"]
[SourceVersionDate "2023.10.10"]
[SourceQuality "1"]

1. e4 Nf6 2. e5 Nd5 3. d4 c5 4. c4 Nb4 5. d5 d6 6. a3 Qa5 7. Bd2 Bf5 8. Nf3 dxe5 9. Nh4 Bd7 10. Bc3 Qa6 11. b3 Qf6 12. Nf3 N4a6 13. Bxe5 Qg6 14. Bd3 Qh5 15. 0-0 Bg4 16. Bc3 Nd7 17. Nbd2 0-0-0 18. Qb1 e5 19. h3 Bxf3 20. Nxf3 g6 21. b4 Bd6 22. Be2 f5 23. Nd4 Qh4 24. Ne6 Rde8 25. Qd1 Nb6 26. Rb1 Kb8 27. Bd2 Rxe6 28. dxe6 Nc7 29. Bg5 Qxg5 30. Qxd6 Nc8 31. Qxe5 Re8 32. bxc5 Rxe6 33. Qb2 b6 34. cxb6 axb6 35. c5 Nd5 36. Bf3 Nf4 37. Kh2 Nd3 38. Qc3 Qf4+ 39. Kg1 Ne5 40. cxb6 Nxf3+ 41. Qxf3 Qxf3 42. gxf3 Nxb6 43. Rb4 Ka7 44. Rfb1 h5 45. Kg2 Nd5 46. Rb7+ Ka6 47. Rb8 Nb6 48. R8xb6+ Rxb6 49. Rxb6+ Kxb6 50. Kg3 g5 51. f4 g4 52. hxg4 hxg4 53. Kh4 1-0

[Event "Sabaneta op-B 2nd"]
[Site "Sabaneta Antioquia"]
[Date "2023.06.30"]
[Round "5"]
[White "Garcia Ramirez, Ramon"]
[Black "Vallejo, Humberto"]
[Result "0-1"]
[WhiteElo "1521"]
[BlackElo "1988"]
[PlyCount "56"]
[EventDate "2023.06.28"]
[EventType "swiss"]
[EventRounds "9"]
[EventCountry "COL"]
[SourceTitle "EXT 2024"]
[Source "ChessBase"]
[SourceDate "2023.10.10"]
[SourceVersion "1"]
[SourceVersionDate "2023.10.10"]
[SourceQuality "1"]

1. d4 c5 2. dxc5 e6 3. Nf3 Bxc5 4. c4 Nf6 5. Nc3 0-0 6. Bg5 Qb6 7. e3 Qxb2 8. Bxf6 gxf6 9. Ne4 Bb4+ 10. Nfd2 Qe5 11. Bd3 f5 12. Ng5 Bxd2+ 13. Kxd2 Na6 14. Rb1 h6 15. h4 Nc5 16. Rb5 Qd6 17. Rxc5 Qxc5 18. Qh5 Qa5+ 19. Ke2 Qxa2+ 20. Kf3 Kg7 21. g4 fxg4+ 22. Qxg4 Kf6 23. Qd4+ Ke7 24. Ne4 Qa6 25. Qf6+ Ke8 26. c5 Qc6 27. Bb5 Qd5 28. Bc4 Qf5+ 0-1

[Event "Sabaneta op-B 2nd"]
[Site "Sabaneta Antioquia"]
[Date "2023.06.29"]
[Round "3"]
[White "Vallejo, Humberto"]
[Black "Ortiz Lopera, Miguel Angel"]
[Result "1/2-1/2"]
[WhiteElo "1988"]
[BlackElo "1774"]
[PlyCount "42"]
[EventDate "2023.06.28"]
[EventType "swiss"]
[EventRounds "9"]
[EventCountry "COL"]
[SourceTitle "EXT 2024"]
[Source "ChessBase"]
[SourceDate "2023.10.10"]
[SourceVersion "1"]
[SourceVersionDate "2023.10.10"]
[SourceQuality "1"]

1. e4 e5 2. Nf3 Nc6 3. c3 d5 4. Bb5 dxe4 5. Nxe5 Qd5 6. Qa4 Bd7 7. Nxd7 Kxd7 8. 0-0 Bd6 9. d4 exd3 10. Rd1 Qh5 11. h3 Qe5 12. f4 Qc5+ 13. Kh1 Re8 14. Bxd3 Qf2 15. Na3 Re1+ 16. Rxe1 Qxe1+ 17. Kh2 Bc5 18. Bf5+ Kd8 19. Nc2 Qg1+ 20. Kg3 Qf2+ 21. Kh2 Qg1+ 1/2-1/2

[Event "Medellin Easter op 11th"]
[Site "Medellin"]
[Date "2023.04.07"]
[Round "4"]
[White "Vallejo, Humberto"]
[Black "Castano Herrera, Jeronimo"]
[Result "1-0"]
[WhiteElo "1962"]
[BlackElo "1464"]
[PlyCount "37"]
[EventDate "2023.04.05"]
[EventType "swiss"]
[EventRounds "7"]
[EventCountry "COL"]
[SourceTitle "CBM 213 Extra"]
[Source "ChessBase"]
[SourceDate "2023.05.31"]
[SourceVersion "1"]
[SourceVersionDate "2023.05.31"]
[SourceQuality "1"]

1. e4 c5 2. Nf3 Nc6 3. d4 cxd4 4. Nxd4 Nxd4 5. Qxd4 Nf6 6. Nc3 e6 7. Bg5 Be7 8. 0-0-0 0-0 9. h3 h6 10. Be3 a6 11. g4 b5 12. g5 hxg5 13. Bxg5 Bb7 14. h4 g6 15. e5 Nd5 16. Ne4 Bxg5+ 17. hxg5 Ne7 18. Nf6+ Kg7 19. Rh7# 1-0

[Event "Medellin Aristizabal Cup"]
[Site "Medellin"]
[Date "2019.01.26"]
[Round "6"]
[White "Vallejo, Humberto"]
[Black "Toro Cadavid, John Edison"]
[Result "0-1"]
[WhiteElo "1976"]
[BlackElo "1866"]
[PlyCount "56"]
[EventDate "2019.01.24"]
[EventType "swiss"]
[EventRounds "7"]
[EventCountry "COL"]
[SourceTitle "EXT 2020"]
[Source "ChessBase"]
[SourceDate "2019.10.17"]
[SourceVersion "1"]
[SourceVersionDate "2019.10.17"]
[SourceQuality "1"]

1. e4 e5 2. Nf3 Nf6 3. Nxe5 d6 4. Nf3 Nxe4 5. d4 d5 6. Bd3 Bd6 7. 0-0 0-0 8. Re1 Bg4 9. Bxe4 dxe4 10. Rxe4 f5 11. Re1 Nc6 12. c3 Qf6 13. Nbd2 Rfe8 14. h3 Bh5 15. Re2 g5 16. Nf1 g4 17. hxg4 fxg4 18. Ng5 g3 19. f3 Rxe2 20. Qxe2 Re8 21. Qc4+ Kg7 22. Bd2 h6 23. Nh3 Bxf3 24. gxf3 Qxf3 25. d5 Re2 26. Qxe2 Qxe2 27. Re1 Bc5+ 28. Be3 Bxe3+ 0-1

[Event "Medellin Aristizabal Cup"]
[Site "Medellin"]
[Date "2019.01.25"]
[Round "4"]
[White "Vallejo, Humberto"]
[Black "Gomez Olivares, Jose David"]
[Result "1-0"]
[WhiteElo "1976"]
[BlackElo "1742"]
[PlyCount "36"]
[EventDate "2019.01.24"]
[EventType "swiss"]
[EventRounds "7"]
[EventCountry "COL"]
[SourceTitle "EXT 2020"]
[Source "ChessBase"]
[SourceDate "2019.10.17"]
[SourceVersion "1"]
[SourceVersionDate "2019.10.17"]
[SourceQuality "1"]

1. e4 d6 2. Nf3 Nf6 3. c3 g6 4. Bc4 Nxe4 5. Qa4+ c6 6. Bxf7+ Kxf7 7. Qxe4 e5 8. d4 Bf5 9. Qe2 exd4 10. Nxd4 Qe7 11. Nxf5 Qxe2+ 12. Kxe2 gxf5 13. Nd2 Nd7 14. f4 Re8+ 15. Kf2 Bg7 16. Rd1 Re6 17. Nf3 Rhe8 18. Rd3 Nb6 1-0

[Event "Medellin Flores op 25th"]
[Site "Medellin"]
[Date "2018.08.07"]
[Round "8"]
[White "Pena, Alcides"]
[Black "Vallejo, Humberto"]
[Result "0-1"]
[WhiteElo "1763"]
[BlackElo "2004"]
[PlyCount "53"]
[EventDate "2018.08.03"]
[EventType "swiss"]
[EventRounds "9"]
[EventCountry "COL"]
[SourceTitle "CBM 185 Extra"]
[Source "ChessBase"]
[SourceDate "2018.07.29"]
[SourceVersion "1"]
[SourceVersionDate "2018.07.29"]
[SourceQuality "1"]

1. d4 c5 2. d5 Nf6 3. Nc3 g6 4. e4 d6 5. Bd3 Bg7 6. Nf3 0-0 7. 0-0 e6 8. Bg5 Nbd7 9. Re1 h6 10. Bh4 g5 11. Bg3 exd5 12. Nxd5 Nxd5 13. exd5 Nb6 14. Rb1 c4 15. Bf1 f5 16. h3 f4 17. Bh2 Rf5 18. Re4 Rxd5 19. Bxc4 Be6 20. Bxd5 Bxd5 21. Rb4 Bxa2 22. Ra1 Bf7 23. c3 a5 24. Re4 d5 25. Re2 Nc4 26. Rb1 b5 27. Qe1 0-1

[Event "Medellin Flores op 25th"]
[Site "Medellin"]
[Date "2018.08.05"]
[Round "4"]
[White "Arango, Andres Mauricio"]
[Black "Vallejo, Humberto"]
[Result "1-0"]
[WhiteElo "2098"]
[BlackElo "2004"]
[PlyCount "57"]
[EventDate "2018.08.03"]
[EventType "swiss"]
[EventRounds "9"]
[EventCountry "COL"]
[SourceTitle "CBM 185 Extra"]
[Source "ChessBase"]
[SourceDate "2018.07.29"]
[SourceVersion "1"]
[SourceVersionDate "2018.07.29"]
[SourceQuality "1"]

1. e4 Nf6 2. Nc3 d5 3. exd5 Nxd5 4. d4 g6 5. Nf3 Bg7 6. Bc4 Nb6 7. Bb3 0-0 8. h3 a5 9. a3 a4 10. Ba2 Nc6 11. d5 Na5 12. 0-0 Nac4 13. Qe2 Nxa3 14. Ne5 Nxc2 15. Nxf7 Rxf7 16. Qxc2 Bxc3 17. bxc3 Bf5 18. Qe2 Nxd5 19. Rd1 e6 20. c4 Qf6 21. cxd5 Qxa1 22. dxe6 Re7 23. Bg5 Qg7 24. Bxe7 Qxe7 25. Rd7 Kf8 26. Rxe7 Kxe7 27. g4 Ra6 28. gxf5 gxf5 29. Qe5 1-0

[Event "Medellin Flores op 25th"]
[Site "Medellin"]
[Date "2018.08.03"]
[Round "1"]
[White "Vallejo, Humberto"]
[Black "Vargas Arteaga, Alexis"]
[Result "0-1"]
[WhiteElo "2004"]
[BlackElo "2240"]
[PlyCount "60"]
[EventDate "2018.08.03"]
[EventType "swiss"]
[EventRounds "9"]
[EventCountry "COL"]
[SourceTitle "CBM 185 Extra"]
[Source "ChessBase"]
[SourceDate "2018.07.29"]
[SourceVersion "1"]
[SourceVersionDate "2018.07.29"]
[SourceQuality "1"]

1. e4 c5 2. Nf3 d6 3. Bc4 e6 4. Bb3 Nf6 5. c3 Nxe4 6. Bxe6 Bxe6 7. Qa4+ Nc6 8. Qxe4 d5 9. Qa4 Bd6 10. 0-0 0-0 11. d4 cxd4 12. cxd4 Bg4 13. Nbd2 Re8 14. h3 Bh5 15. a3 a6 16. Qb3 Na5 17. Qd1 Rc8 18. g4 Bg6 19. Re1 Qf6 20. b4 Rxe1+ 21. Qxe1 Nb3 22. Nxb3 Qxf3 23. Qe3 Qd1+ 24. Kg2 Be4+ 25. f3 Rc3 26. fxe4 Rxe3 27. Bxe3 Qxb3 28. Bf2 dxe4 29. Rc1 Qf3+ 30. Kg1 Bh2+ 0-1

[Event "American Continental 13th"]
[Site "Medellin"]
[Date "2017.06.18"]
[Round "11"]
[White "Vallejo, Humberto"]
[Black "Rodriguez Cortes, Giovanni"]
[Result "0-1"]
[WhiteElo "2059"]
[BlackElo "1772"]
[PlyCount "56"]
[EventDate "2017.06.10"]
[EventType "swiss"]
[EventRounds "11"]
[EventCountry "COL"]
[SourceTitle "CBM 178 Extra"]
[Source "ChessBase"]
[SourceDate "2017.06.22"]
[SourceVersion "1"]
[SourceVersionDate "2017.06.22"]
[SourceQuality "1"]

1. e4 c5 2. Nf3 Nf6 3. e5 Nd5 4. a4 Nc6 5. Bc4 e6 6. 0-0 Nb6 7. Be2 Qc7 8. c4 a5 9. Qb3 Ra6 10. Qe3 d5 11. Na3 Nxc4 12. Bxc4 dxc4 13. Nb5 Qd8 14. Qf4 Be7 15. Qxc4 0-0 16. Ra3 Nb4 17. d4 Rc6 18. dxc5 Rxc5 19. Qg4 f5 20. Qh5 Nd3 21. Bg5 Bxg5 22. Nxg5 h6 23. Nh3 Rxe5 24. f4 Re3 25. Kh1 Bd7 26. Nd6 Bc6 27. Nc4 Rxh3 28. Qe2 Qh4 0-1

[Event "American Continental 13th"]
[Site "Medellin"]
[Date "2017.06.11"]
[Round "2"]
[White "Gutierrez Hernandez, Jorge Alejandro"]
[Black "Vallejo, Humberto"]
[Result "0-1"]
[WhiteElo "1817"]
[BlackElo "2059"]
[PlyCount "89"]
[EventDate "2017.06.10"]
[EventType "swiss"]
[EventRounds "11"]
[EventCountry "COL"]
[SourceTitle "CBM 178 Extra"]
[Source "ChessBase"]
[SourceDate "2017.06.22"]
[SourceVersion "1"]
[SourceVersionDate "2017.06.22"]
[SourceQuality "1"]

1. d4 Nf6 2. c4 g6 3. Nc3 Bg7 4. e4 0-0 5. f3 c5 6. d5 e6 7. Be3 exd5 8. cxd5 d6 9. Qd2 Re8 10. 0-0-0 a6 11. g4 b5 12. h4 Qa5 13. Kb1 b4 14. Nce2 Nbd7 15. h5 Ne5 16. Ng3 c4 17. hxg6 c3 18. gxf7+ Nxf7 19. Qh2 cxb2 20. Bc4 h6 21. Bd4 Ne5 22. Bb3 Qb5 23. Qxb2 a5 24. Bxe5 Rxe5 25. Qe2 Qe8 26. Nh3 a4 27. Bc4 b3 28. a3 Bxg4 29. Nf2 Bd7 30. f4 Re7 31. Rde1 Rc8 32. Rhg1 Qf7 33. Qd3 Ne8 34. Re2 Qxf4 35. Nh5 Qh2 36. Rxg7+ Nxg7 37. Nf6+ Kh8 38. Nxd7 Rxd7 39. Nd1 Qg1 40. Rd2 Rdc7 41. Ba6 Rc1+ 42. Kb2 R1c2+ 43. Rxc2 Rxc2+ 44. Kb1 Qc5 45. Ne3 0-1

[Event "American Continental 13th"]
[Site "Medellin"]
[Date "2017.06.10"]
[Round "1"]
[White "Vallejo, Humberto"]
[Black "Garcia Pantoja, Roberto"]
[Result "0-1"]
[WhiteElo "2059"]
[BlackElo "2500"]
[PlyCount "57"]
[EventDate "2017.06.10"]
[EventType "swiss"]
[EventRounds "11"]
[EventCountry "COL"]
[SourceTitle "CBM 178 Extra"]
[Source "ChessBase"]
[SourceDate "2017.06.22"]
[SourceVersion "1"]
[SourceVersionDate "2017.06.22"]
[SourceQuality "1"]

1. e4 c6 2. Nf3 d5 3. e5 Bg4 4. b4 Nd7 5. d4 f6 6. Bf4 e6 7. Nbd2 fxe5 8. dxe5 Bxb4 9. Rb1 Bxd2+ 10. Qxd2 Bxf3 11. gxf3 Nb6 12. Rg1 Qc7 13. Qa5 Kf7 14. c4 dxc4 15. Bxc4 Ne7 16. Be3 Ned5 17. Bxd5 cxd5 18. f4 Rhc8 19. Qb4 Kg8 20. a4 Nc4 21. Qxb7 Rab8 22. Rxg7+ Qxg7 23. Qxb8 Qg1+ 24. Ke2 Qg4+ 25. f3 Qg2+ 26. Bf2 Rxb8 27. Rxb8+ Kf7 28. Rb7+ Ke8 29. Rxh7 0-1

[Event "Bogota Navidad op"]
[Site "Bogota"]
[Date "2016.12.08"]
[Round "2"]
[White "Becerra Fonseca, Camila Andrea"]
[Black "Vallejo, Humberto"]
[Result "0-1"]
[WhiteElo "1353"]
[BlackElo "2088"]
[PlyCount "50"]
[EventDate "2016.12.07"]
[EventType "swiss"]
[EventRounds "9"]
[EventCountry "COL"]
[SourceTitle "CBM 176 Extra"]
[Source "ChessBase"]
[SourceDate "2017.03.02"]
[SourceVersion "1"]
[SourceVersionDate "2017.03.02"]
[SourceQuality "1"]

1. d4 Nf6 2. Nf3 g6 3. c4 Bg7 4. Bf4 c5 5. e3 0-0 6. Bd3 d6 7. 0-0 Nc6 8. Nc3 Bg4 9. h3 Bxf3 10. Qxf3 cxd4 11. Ne2 e5 12. Bg5 h6 13. Bh4 e4 14. Bxe4 Ne5 15. Qf4 g5 16. Bxg5 hxg5 17. Qf5 Nxe4 18. Qxe4 Nxc4 19. Qxb7 dxe3 20. fxe3 Nxe3 21. Rf3 Nc4 22. Rc1 d5 23. b3 Ne5 24. Rff1 Qb6+ 25. Qxb6 axb6 0-1

[Event "Medellin Antioquia Cup"]
[Site "Medellin"]
[Date "2016.10.15"]
[Round "7"]
[White "Arango, Andres Mauricio"]
[Black "Vallejo, Humberto"]
[Result "1-0"]
[WhiteElo "2063"]
[BlackElo "2090"]
[PlyCount "44"]
[EventDate "2016.10.12"]
[EventType "swiss"]
[EventRounds "8"]
[EventCountry "COL"]
[SourceTitle "CBM 175 Extra"]
[Source "ChessBase"]
[SourceDate "2016.12.12"]
[SourceVersion "1"]
[SourceVersionDate "2016.12.12"]
[SourceQuality "1"]

1. e4 Nf6 2. e5 Nd5 3. d4 d6 4. Nf3 Bg4 5. Be2 e6 6. h3 Bxf3 7. Bxf3 c6 8. c4 Nb6 9. Qb3 Qh4 10. exd6 Qxd4 11. Be3 Qe5 12. c5 N8d7 13. cxb6 Bxd6 14. bxa7 Rxa7 15. Qc3 Qb5 16. Na3 Rxa3 17. bxa3 Be5 18. Bd4 Nc5 19. Be2 Bxd4 20. Qxd4 Qa5+ 21. Qb4 Qa7 22. 0-0 0-0 1-0

[Event "Medellin Antioquia Cup"]
[Site "Medellin"]
[Date "2016.10.14"]
[Round "4"]
[White "Vallejo, Humberto"]
[Black "Palencia Morales, Wilson Guillermo"]
[Result "1-0"]
[WhiteElo "2090"]
[BlackElo "2387"]
[PlyCount "28"]
[EventDate "2016.10.12"]
[EventType "swiss"]
[EventRounds "8"]
[EventCountry "COL"]
[SourceTitle "CBM 175 Extra"]
[Source "ChessBase"]
[SourceDate "2016.12.12"]
[SourceVersion "1"]
[SourceVersionDate "2016.12.12"]
[SourceQuality "1"]

1. e4 d6 2. Nf3 Nf6 3. c3 c6 4. Bd3 Bg4 5. Be2 Nbd7 6. d4 e5 7. 0-0 Be7 8. Nbd2 0-0 9. h3 Bh5 10. g4 Bg6 11. Re1 h5 12. Nh4 Nh7 13. Nxg6 fxg6 14. gxh5 Bh4 1-0

[Event "Bogota Millonario op"]
[Site "Bogota"]
[Date "2015.12.21"]
[Round "6"]
[White "Olarte Parra, Jhoan Sebastian"]
[Black "Vallejo, Humberto"]
[Result "1/2-1/2"]
[WhiteElo "1988"]
[BlackElo "2132"]
[PlyCount "89"]
[EventDate "2015.12.18"]
[EventType "swiss"]
[EventRounds "9"]
[EventCountry "COL"]
[SourceTitle "EXT 2017"]
[Source "ChessBase"]
[SourceDate "2016.10.25"]
[SourceVersion "1"]
[SourceVersionDate "2016.10.25"]
[SourceQuality "1"]

1. f4 Nf6 2. Nf3 d5 3. e3 c5 4. b3 g6 5. Bb2 Bg7 6. Be2 0-0 7. 0-0 Nc6 8. Ne5 Qb6 9. Nc3 Nd8 10. Bf3 Be6 11. Qe2 c4 12. Ba3 Re8 13. bxc4 dxc4 14. Rab1 Qa6 15. Bc5 Rc8 16. Bd4 Nd7 17. Rb5 Nxe5 18. Bxe5 f6 19. Bd4 Bd7 20. Rc5 Ne6 21. Bd5 Rxc5 22. Bxc5 Kf8 23. Bxc4 Qa5 24. Bxe6 Bxe6 25. Bd4 Rd8 26. Rb1 b6 27. a4 Bd7 28. Qc4 e5 29. Qc7 Ke8 30. fxe5 fxe5 31. Rb5 Bxb5 32. Qxg7 exd4 33. Qg8+ Ke7 34. Qxh7+ Kf6 35. Qh4+ Ke6 36. Nxb5 Qxd2 37. Nxd4+ Rxd4 38. exd4 Qd1+ 39. Kf2 Qxc2+ 40. Kf3 Qd3+ 41. Kf2 Kd5 42. Qd8+ Ke4 43. Qh4+ Kd5 44. Qd8+ Kc4 45. Qc7+ 1/2-1/2

[Event "Bogota Millonario op"]
[Site "Bogota"]
[Date "2015.12.18"]
[Round "2"]
[White "Contreras, Henry"]
[Black "Vallejo, Humberto"]
[Result "1-0"]
[WhiteElo "2203"]
[BlackElo "2132"]
[PlyCount "57"]
[EventDate "2015.12.18"]
[EventType "swiss"]
[EventRounds "9"]
[EventCountry "COL"]
[SourceTitle "EXT 2017"]
[Source "ChessBase"]
[SourceDate "2016.10.25"]
[SourceVersion "1"]
[SourceVersionDate "2016.10.25"]
[SourceQuality "1"]

1. e4 Nf6 2. e5 Nd5 3. d4 d6 4. exd6 exd6 5. Nf3 Be7 6. Be2 0-0 7. 0-0 c5 8. h3 Nc6 9. c4 Nb6 10. d5 Na5 11. Na3 Bf6 12. Rb1 Bf5 13. Bd3 Nc8 14. b3 Qd7 15. Re1 Ne7 16. Bg5 Bxg5 17. Nxg5 h6 18. Nf3 Ng6 19. Qc2 Bxd3 20. Qxd3 a6 21. Qc3 b6 22. Nc2 Rae8 23. Ne3 f5 24. b4 cxb4 25. Rxb4 Re4 26. Rxb6 Rxe3 27. Qxa5 Rxe1+ 28. Qxe1 Re8 29. Qb4 1-0

[Event "Medellin Easter op"]
[Site "Medellin"]
[Date "2015.??.??"]
[Round "4"]
[White "Vallejo, Humberto"]
[Black "Castano, Henry Augusto"]
[Result "1-0"]
[WhiteElo "2096"]
[BlackElo "2224"]
[PlyCount "33"]
[EventDate "2015.04.01"]
[EventType "swiss"]
[EventRounds "9"]
[EventCountry "COL"]
[SourceTitle "CBM 165 Extra"]
[Source "ChessBase"]
[SourceDate "2015.04.21"]
[SourceVersion "1"]
[SourceVersionDate "2015.04.21"]
[SourceQuality "1"]

1. e4 e5 2. Nf3 Nc6 3. Bb5 Bc5 4. 0-0 Nge7 5. c3 Bb6 6. d4 exd4 7. cxd4 d5 8. e5 Bg4 9. Bg5 h6 10. Bxe7 Qxe7 11. Nc3 Rd8 12. h3 Bxf3 13. Qxf3 Qe6 14. Rfd1 0-0 15. Ne2 Ne7 16. a4 f6 17. a5 1-0

[Event "Bogota Navidad op"]
[Site "Bogota"]
[Date "2014.12.06"]
[Round "5"]
[White "Acosta, Alejandro"]
[Black "Vallejo, Humberto"]
[Result "0-1"]
[WhiteElo "2323"]
[BlackElo "2062"]
[PlyCount "90"]
[EventDate "2014.12.04"]
[EventType "swiss"]
[EventRounds "9"]
[EventCountry "COL"]
[SourceTitle "CBM 163 Extra"]
[Source "ChessBase"]
[SourceDate "2014.12.23"]
[SourceVersion "1"]
[SourceVersionDate "2014.12.23"]
[SourceQuality "1"]

1. e4 Nf6 2. e5 Nd5 3. d4 c5 4. c4 Nb4 5. d5 d6 6. e6 fxe6 7. a3 Qa5 8. Nc3 exd5 9. Bd2 N4c6 10. Nxd5 Qd8 11. Bd3 Ne5 12. Bc2 e6 13. Ne3 Nbc6 14. Bc3 g6 15. h4 Bh6 16. h5 Bxe3 17. fxe3 Qg5 18. Qe2 Qg3+ 19. Kd2 0-0 20. Rf1 Rxf1 21. Qxf1 Nxc4+ 22. Qxc4 Qxg2+ 23. Ne2 Qxh1 24. hxg6 hxg6 25. Qf4 Qd5+ 26. Kc1 e5 27. Qg5 Qh1+ 28. Kd2 Qh5 29. Qf6 Bf5 30. Bb3+ Kh7 31. Qf7+ Kh6 32. Qxb7 Rc8 33. Bd5 Nd4 34. exd4 cxd4 35. Qxa7 dxc3+ 36. bxc3 Rc5 37. Qa8 Qg5+ 38. Ke1 Bc8 39. c4 e4 40. Qa7 e3 41. Qf7 Qh4+ 42. Kd1 Qf2 43. Qxf2 exf2 44. Ng3 Rxd5+ 45. cxd5 Ba6 0-1

[Event "Medellin Navideno op"]
[Site "Medellin"]
[Date "2013.12.22"]
[Round "8"]
[White "Montoya Diaz, Cesar Augusto"]
[Black "Vallejo, Humberto"]
[Result "1-0"]
[WhiteElo "2122"]
[BlackElo "2051"]
[PlyCount "99"]
[EventDate "2013.12.18"]
[EventType "swiss"]
[EventRounds "9"]
[EventCountry "COL"]
[SourceTitle "CBM 158 Extra"]
[Source "ChessBase"]
[SourceDate "2014.02.28"]
[SourceVersion "1"]
[SourceVersionDate "2014.02.28"]
[SourceQuality "1"]

1. e4 Nf6 2. d3 c5 3. Nf3 Nc6 4. g3 g6 5. Bg2 Bg7 6. 0-0 0-0 7. Nc3 d6 8. h3 Bd7 9. Be3 Qc8 10. Kh2 Nd4 11. Bxd4 cxd4 12. Ne2 e5 13. Nd2 Ne8 14. f4 f5 15. Rc1 fxe4 16. Nxe4 d5 17. Ng5 Nc7 18. fxe5 Bh6 19. h4 Bxg5 20. hxg5 Bg4 21. Rf4 Qe6 22. Nxd4 Rxf4 23. Nxe6 Bxd1 24. Nxc7 Rf2 25. Nxa8 Bf3 26. Rf1 Rxg2+ 27. Kh3 Rxc2 28. Rxf3 Rc8 29. Rf6 Rxa8 30. Rd6 Kf7 31. d4 Ke7 32. Rxd5 Rc8 33. Kg4 Rc2 34. Rb5 b6 35. Kf4 Rf2+ 36. Ke4 Rf5 37. Kd5 Rxg5 38. Rb3 Kd7 39. Ra3 a5 40. Rb3 h5 41. Rxb6 Rxg3 42. Rb7+ Kc8 43. Rh7 Rg2 44. b3 Rxa2 45. e6 a4 46. Rh8+ Kc7 47. e7 Re2 48. e8Q Rxe8 49. Rxe8 axb3 50. Re3 1-0

[Event "Medellin Navideno op"]
[Site "Medellin"]
[Date "2013.12.19"]
[Round "3"]
[White "Narvaez Ramirez, Faber Alberto"]
[Black "Vallejo, Humberto"]
[Result "0-1"]
[WhiteElo "2142"]
[BlackElo "2051"]
[PlyCount "23"]
[EventDate "2013.12.18"]
[EventType "swiss"]
[EventRounds "9"]
[EventCountry "COL"]
[SourceTitle "CBM 158 Extra"]
[Source "ChessBase"]
[SourceDate "2014.02.28"]
[SourceVersion "1"]
[SourceVersionDate "2014.02.28"]
[SourceQuality "1"]

1. d4 Nf6 2. Nf3 g6 3. g3 Bg7 4. Bg2 c5 5. d5 Na6 6. 0-0 0-0 7. c4 d6 8. Nc3 Nc7 9. h3 e6 10. e4 exd5 11. cxd5 a6 12. a4 0-1

[Event "Bogota McGregor op 4th"]
[Site "Bogota"]
[Date "2013.12.08"]
[Round "8"]
[White "Garavito, Miguel Angel"]
[Black "Vallejo, Humberto"]
[Result "1-0"]
[WhiteElo "2270"]
[BlackElo "2051"]
[PlyCount "61"]
[EventDate "2013.12.04"]
[EventType "swiss"]
[EventRounds "9"]
[EventCountry "COL"]
[SourceTitle "CBM 157 Extra"]
[Source "ChessBase"]
[SourceDate "2013.12.19"]
[SourceVersion "1"]
[SourceVersionDate "2013.12.19"]
[SourceQuality "1"]

1. Nf3 Nc6 2. d4 Nf6 3. g3 g6 4. Bg2 Bg7 5. 0-0 0-0 6. c4 d5 7. cxd5 Qxd5 8. Ne5 Qd6 9. Nxc6 bxc6 10. e4 Ng4 11. e5 Qd7 12. Qa4 Bb7 13. h3 Nh6 14. d5 Qc8 15. dxc6 Ba6 16. Re1 Nf5 17. Nc3 Rd8 18. Nd5 e6 19. Nf6+ Bxf6 20. exf6 Rb8 21. g4 Rd4 22. Qa5 Nh4 23. Bh1 Rb5 24. Qc3 e5 25. Bg5 Nf5 26. gxf5 Qxf5 27. Qxd4 Qxg5+ 28. Bg2 Qxf6 29. Qc3 Qe7 30. Rad1 Bc8 31. Qd3 1-0

[Event "Bogota McGregor op 4th"]
[Site "Bogota"]
[Date "2013.12.08"]
[Round "9"]
[White "Vallejo, Humberto"]
[Black "Gonzalez Lopez, Nicolas Mateo"]
[Result "1-0"]
[WhiteElo "2051"]
[BlackElo "1868"]
[PlyCount "49"]
[EventDate "2013.12.04"]
[EventType "swiss"]
[EventRounds "9"]
[EventCountry "COL"]
[SourceTitle "CBM 157 Extra"]
[Source "ChessBase"]
[SourceDate "2013.12.19"]
[SourceVersion "1"]
[SourceVersionDate "2013.12.19"]
[SourceQuality "1"]

1. e4 c6 2. Nf3 d5 3. Nc3 Nf6 4. e5 Ne4 5. d3 Nxc3 6. bxc3 Qa5 7. Bd2 Bg4 8. c4 Qc7 9. d4 dxc4 10. Bxc4 e6 11. 0-0 Be7 12. Re1 0-0 13. Bd3 Rd8 14. c3 Bh5 15. Re3 Bg6 16. Ne1 c5 17. Qg4 cxd4 18. cxd4 Nc6 19. Nf3 Qd7 20. Bc3 Bxd3 21. Rxd3 Nb4 22. Bxb4 Bxb4 23. d5 Bc5 24. d6 b5 25. Ng5 1-0